| 000 | 00703 a2200181 4500 | ||
|---|---|---|---|
| 003 | Nust | ||
| 005 | 20170207153156.0 | ||
| 040 | _cNust | ||
| 082 | _a005.8 | ||
| 100 | _aSirhindi, Rabia (MSIS-5) | ||
| 245 |
_aAn extended visual secret sharing scheme for authentication _cRabia Sirhindi |
||
| 260 |
_bMCS (NUST) _cNovember, 2008 _aRawalpindi |
||
| 300 | _aix,53, p. | ||
| 505 | _aIntroduction (page-1) Visual cryptography (page-5) Extended visual cryptography (page-17) Proposed evss scheme (page-25) Comparison with existing color evss schemes (page-32)Application in visual authentication (page-40) Conclusion (page-48) | ||
| 538 | _a Almirah No.70 Shelf No.4 | ||
| 650 | _aPG Thesis | ||
| 651 | _aMSIS-5 | ||
| 942 | _cTHS | ||
| 999 |
_c180759 _d180759 |
||